000
00349nam a2200133Ia 4500
008
231129s1974||||xx |||||||||||||| ||spa||
020
_a
84-323-0118-3 (Obra
040
_b
spa
082
_a
930 I34
245
0
_a
Los imperios del antiguo oriente
260
_c
1974
264
_a
Siglo XXI Editores
942
_2
ddc
_c
BKS
999
_c
19750
_d
19750